Programa de simulación del sistema de distribución eléctrica
Salvato in:
| Autore principale: | |
|---|---|
| Natura: | Libro |
| Pubblicazione: |
San José, Costa Rica
1992
|
| Soggetti: | |
| Tags: |
Aggiungi Tag
Nessun Tag, puoi essere il primo ad aggiungerne!!
|
MARC
| LEADER | 00000nam a2200000Ia 4500 | ||
|---|---|---|---|
| 003 | 005380 | ||
| 005 | 20221231144325.0 | ||
| 008 | 140114s1992 cr a m 000 ||s d | ||
| 040 | |c cru CEDI | ||
| 090 | |a TFG 2539 | ||
| 100 | |a Blanco Incer, Jorge |9 10386 | ||
| 245 | |a Programa de simulación del sistema de distribución eléctrica | ||
| 260 | |c 1992 |a San José, Costa Rica | ||
| 300 | |a ix, 66 páginas : ilustraciones ; 27 cm | ||
| 500 | |a Proyecto de graduación (bachillerato en ingeniería eléctrica)--Universidad de Costa Rica. Facultad de Ingeniería. Escuela de Ingeniería Eléctrica | ||
| 650 | |x COMPAÑIA NACIONAL DE FUERZA Y LUZ (COSTA RICA) |x DISTRIBUCION DE ENERGIA ELECTRICA |x SIMULACION POR COMPUTADORA |x TRANSFERENCIA DE ENERGIA |9 12585 | ||
| 942 | |c TFG | ||
| 999 | |c 20168 |d 20168 | ||
